Bloons Tower Defense 3 towers - Statistics

General Stats
  • This quiz has been taken 95 times
  • The average score is 6 of 11
Answer Stats
Cost Answer % Correct
215 Dart Monkey
98%
3400 Super Monkey
90%
305 Tack Shooter
73%
440 Boomerang
69%
25 Road Spikes
62%
35 Pineapple
54%
615 Cannon
42%
510 Spike o Pult
36%
850 Monkey Beacon
35%
30 Monkey Glue
35%
360 Ice Ball
23%
No matching quizzes found
Score Distribution
Percent of People with Each Score
Percentile by Number Answered
Your Score History
You have not taken this quiz